| 000 | 01150ncm a2200337 c 4500 | ||
|---|---|---|---|
| 003 | BLK | ||
| 005 | 20241011005338.0 | ||
| 008 | 180414b bul |a|er|||| |0| c|bulo| | ||
| 010 | _aNOT00001899000 | ||
| 040 | _aBLK | ||
| 041 |
_aDEU _cDEU |
||
| 080 |
_aМузика за пиано _b786.2 _x _z786.2 |
||
| 100 | 1 |
_aДюверноа, Жан Баптист _eпърви автор _966146 |
|
| 700 | 1 |
_aRuthardt, Adolf _erev. _9388884 |
|
| 700 | 1 |
_aDuvernoy, Jean Baptiste _e* _99203 |
|
| 139 |
_aДювернуа, Жан Баптист _bД 97 |
||
| 245 | 1 | 0 |
_aVorschule der Gelaufigkeit _b[Zwanzig] 20 lEuden ohne Oktavenspannung fur Klavier _cЖан Баптист Дюверноа; rev. Adolf Ruthardt; * Jean Baptiste Duvernoy. _sOp.276 |
| 257 | _aDEU | ||
| 260 |
_аLeipzig _bPeters 3316 _cS. a. |
||
| 300 |
_a35 с. _c29 см |
||
| 380 | _a7 | ||
| 650 | 0 |
_aПиано - етюди _9353307 |
|
| 653 | _aпиано | ||
| 653 | _aетюди | ||
| 852 |
_aЦб М ІІ 3165 _p0 |
||
| 856 | 4 |
_qpdf _u |
|
| 856 | 4 |
_qpdf _u |
|
| 942 |
_cNOT _n0 |
||
| 944 |
_aCR _c22.07.2006 _k _lCRON CRON |
||
| 944 |
_aED _c22.02.2008 _k |
||
| 999 |
_c307334 _d307334 |
||